Mzda, jej splatnosť a výplata mzdy
Mzda a čo sa za mzdu nepovažuje. Mzdové podmienky. Minimálna mzda. Minimálne mzdové nároky. Mzdové zvýhodnenia. Splatnosť mzdy. Výplata mzdy. Praktické príklady.
Salvato in:
| Autore principale: | |
|---|---|
| Natura: | Capitolo di libro |
| Lingua: | slovacco |
| Soggetti: | |
| Tags: |
Nessun Tag, puoi essere il primo ad aggiungerne!!
|
MARC
| LEADER | 00000naa a2200000 4500 | ||
|---|---|---|---|
| 001 | 0184481 | ||
| 005 | 20231109104624.1 | ||
| 041 | 0 | |a slo | |
| 044 | |a SK | ||
| 245 | 1 | 0 | |a Mzda, jej splatnosť a výplata mzdy |c Jarmila Strählová |
| 520 | |a Mzda a čo sa za mzdu nepovažuje. Mzdové podmienky. Minimálna mzda. Minimálne mzdové nároky. Mzdové zvýhodnenia. Splatnosť mzdy. Výplata mzdy. Praktické príklady. | ||
| 610 | 2 | 0 | |a mzdy |
| 610 | 2 | 0 | |a mzdy minimálne |
| 610 | 2 | 0 | |a mzdy mesačné |
| 610 | 2 | 0 | |a mzdy hodinové |
| 610 | 2 | 0 | |a zamestnanci |
| 610 | 2 | 0 | |a zamestnávatelia |
| 610 | 2 | 0 | |a náhrada mzdy |
| 610 | 2 | 0 | |a práca |
| 610 | 2 | 0 | |a práca nočná |
| 100 | 1 | |a Strählová, Jarmila | |